[Event "2018 Happy Times ahead"]
[Site "SchemingMind.com"]
[Date "2018.01.31"]
[Round "-"]
[White "Transcendent"]
[Black "Robert Bruce"]
[Result "0-1"]
[WhiteCountry "ENG"]
[BlackCountry "SCO"]
[WhiteElo "1325"]
[WhiteRD "58"]
[BlackElo "2295"]
[BlackRD "72"]
[GameID "424162"]

1. d4 f5 2. g3 Nf6 3. Bg2 g6 4. c4 Bg7 5. Nc3 O-O 6. Qb3 Nc6 7. Nf3 b6 8. Ng5 Nxd4 9. Qd1 Nc6 10. O-O Bb7
11. Nd5 h6 12. Nh3 Ne4 13. Nhf4 Kh7 14. f3 Nd6 15. e4 e6 16. Nc3 Nxc4 17. Kh1 fxe4 18. Nxe4 Bxb2
0-1

[Event "2018 Happy Times ahead"]
[Site "SchemingMind.com"]
[Date "2018.01.31"]
[Round "-"]
[White "Robert Bruce"]
[Black "kenneth m day"]
[Result "1-0"]
[WhiteCountry "SCO"]
[BlackCountry "USA"]
[WhiteElo "2295"]
[WhiteRD "72"]
[BlackElo "1717"]
[BlackRD "58"]
[GameID "424163"]

1. c4 g6 2. g3 Bg7 3. Bg2 Nc6 4. Nc3 d6 5. d3 Nf6 6. e3 Bd7 7. e4 O-O 8. Nge2 Ne5 9. f4 Nc6 10. d4 e5
11. dxe5 dxe5 12. O-O Qc8 13. f5 gxf5 14. exf5 Bxf5 15. Bg5 h6 16. Bxf6 Bxf6 17. g4 Bxg4 18. Rxf6 Kg7 19. Nd5 Nd4 20. Kh1 Bxe2
21. Qd2 Rh8 22. Qe3 Bxc4 23. Qxe5 Nc6 24. Rg6+ Kxg6 25. Qf6+
1-0

[Event "2018 Happy Times ahead"]
[Site "SchemingMind.com"]
[Date "2018.01.31"]
[Round "-"]
[White "Robert Bruce"]
[Black "fanfan_la_Tulipe"]
[Result "1-0"]
[WhiteCountry "SCO"]
[BlackCountry "AUT"]
[WhiteElo "2295"]
[WhiteRD "72"]
[BlackElo "1997"]
[BlackRD "81"]
[GameID "424164"]

1. c4 e5 2. g3 Nf6 3. Bg2 d5 4. cxd5 Nxd5 5. Nc3 Nb6 6. Nf3 Nc6 7. O-O Be7 8. a3 O-O 9. b4 Re8 10. Rb1 Bf8
11. d3 Nd4 12. Ne1 c6 13. e3 Ne6 14. Nf3 f6 15. Re1 Kh8 16. Qc2 Nc7 17. d4 exd4 18. Nxd4 Nc4 19. Ne4 Ne5 20. f4 Ng4
21. h3 Nh6 22. g4 Nd5 23. Rd1 f5 24. Ng5 Qe7 25. Rb3 Nf7 26. Nxf7+ Qxf7 27. gxf5 Bd6 28. b5 Bd7 29. bxc6 bxc6 30. Rb7 Nxe3
31. Bxe3 Rxe3 32. Nxc6 Qf6 33. Rxd7
1-0

[Event "2018 Happy Times ahead"]
[Site "SchemingMind.com"]
[Date "2018.02.01"]
[Round "-"]
[White "Robert Bruce"]
[Black "Helga1946"]
[Result "0-1"]
[WhiteCountry "SCO"]
[BlackCountry "GER"]
[WhiteElo "2285"]
[WhiteRD "69"]
[BlackElo "2265"]
[BlackRD "60"]
[GameID "424165"]

1. d4 d5 2. Nf3 Bf5 3. c4 e6 4. Bg5 f6 5. Bd2 dxc4 6. e3 Qd5 7. b3 cxb3 8. Nc3 Qd7 9. Qxb3 Nc6 10. h3 Nd8
11. Be2 Bg6 12. e4 Ne7 13. O-O Bf7 14. e5 f5 15. Ng5 Bg8 16. Bc1 h6 17. Nf3 Bf7 18. Rb1 Ng6 19. d5 exd5 20. Bd3 Bc5
21. Na4 Be7 22. Nd4 Be6 23. Nxe6 Qxe6 24. Qc2 O-O 25. f4 c6 26. Bd2 b6 27. Be2 Rc8 28. Kh2 Kh8 29. g4 Nh4 30. Be1 Rc7
31. a3 Qf7 32. Bg3 Ne6 33. Rbd1 g6 34. Qd2 fxg4 35. hxg4 h5 36. Bxh4 Bxh4 37. f5 Ng5 38. Qe3 Re8 39. e6 Qf6 40. Qd4 Ne4
41. fxg6 Bg3+ 42. Kh3 Qxd4 43. Rxd4 h4 44. Rxe4 dxe4 45. Rf7 Rxe6 46. g7+ Kh7 47. Rxc7 Bxc7 48. g8=Q+ Kxg8 49. Bc4 Kf7 50. Bxe6+ Kxe6
51. Nc3 e3 52. Kxh4 a5 53. g5 b5 54. Ne4 e2
0-1

[Event "2018 Happy Times ahead"]
[Site "SchemingMind.com"]
[Date "2018.01.31"]
[Round "-"]
[White "Johnny Owens"]
[Black "Robert Bruce"]
[Result "1-0"]
[WhiteCountry "USA"]
[BlackCountry "SCO"]
[WhiteElo "2110"]
[WhiteRD "69"]
[BlackElo "2282"]
[BlackRD "68"]
[GameID "424166"]

1. Nf3 f5 2. b3 d6 3. d4 g6 4. Bb2 Bg7 5. g3 c6 6. Bg2 Nf6 7. O-O Na6 8. Nbd2 O-O 9. Re1 c5 10. e4 fxe4
11. Nxe4 Nxe4 12. Rxe4 Bf5 13. Re1 Qd7 14. Qd2 Rae8 15. Rab1 Bg4 16. Ng5 h6 17. Ne4 b6 18. c4 Bf5 19. d5 Bxb2 20. Qxb2 e5
21. dxe6 Rxe6 22. Re3 Nc7 23. Rbe1 Kh7 24. h4 a6 25. Bf3 b5 26. Qd2 Qd8 27. h5 gxh5 28. Bxh5 Kg7 29. Qd1 b4 30. Bg4 Kh8
31. Bxf5 Rxf5 32. Qd3 Qf8 33. Rd1 Rf7 34. Rd2 a5 35. Nxd6 Rd7 36. Rxe6 Nxe6 37. Kg2 Nd4 38. Ne4 Kg7 39. Rd1 Rf7 40. Rh1 Rf5
41. Qe3 Kg6 42. Nd6 Rf3 43. Qe4+ Kg7 44. Qg4+ Kh7 45. Ne4 Rf5 46. Rh5 Qg7 47. Qxg7+ Kxg7 48. Rxf5 Nxf5 49. Nxc5
1-0

[Event "2018 Happy Times ahead"]
[Site "SchemingMind.com"]
[Date "2018.02.03"]
[Round "-"]
[White "Robert Bruce"]
[Black "TheHornedReaper "]
[Result "1-0"]
[WhiteCountry "SCO"]
[BlackCountry "ROU"]
[WhiteElo "2295"]
[WhiteRD "72"]
[BlackElo "1246"]
[BlackRD "49"]
[GameID "424167"]

1. d4 d5 2. Nf3 Nf6 3. e3 e6 4. Bd3 c5 5. b3 Nc6 6. O-O Bd6 7. Bb2 cxd4 8. exd4 Bd7 9. c4 O-O 10. c5 Bc7
11. Nc3 a6 12. a3
1-0

[Event "2018 Happy Times ahead"]
[Site "SchemingMind.com"]
[Date "2018.01.31"]
[Round "-"]
[White "cnile"]
[Black "William Lindberg"]
[Result "0-1"]
[WhiteCountry "SCO"]
[BlackCountry "USA"]
[WhiteElo "1466"]
[WhiteRD "64"]
[BlackElo "2414"]
[BlackRD "69"]
[GameID "424171"]

1. e4 e5 2. Nf3 Nc6 3. Bb5 a6 4. Ba4 Nf6 5. O-O Be7 6. Re1 b5 7. Bb3 O-O 8. c3 d6 9. h3 Bb7 10. d3 Na5
11. Bc2 c5 12. Nbd2 Re8 13. Nf1 h6 14. Be3 Bf8 15. g4 d5 16. Ng3 c4 17. d4 exd4 18. Bxd4 Nxe4 19. Nh5 Nc6 20. Be3 Bd6
21. Nf4 d4 22. Nxd4 Nxd4 23. Bxe4 Rxe4 24. cxd4 Bxf4 25. Bxf4 Rxf4 26. Qe2 Qh4 27. Qf1 Rxg4+ 28. Kh2 Qg5 29. hxg4 Qh4+ 30. Qh3 Qxf2+
31. Qg2 Qxg2#
0-1

[Event "2018 Happy Times ahead"]
[Site "SchemingMind.com"]
[Date "2018.02.01"]
[Round "-"]
[White "Shanks"]
[Black "William Lindberg"]
[Result "0-1"]
[WhiteCountry "ENG"]
[BlackCountry "USA"]
[WhiteElo "1354"]
[WhiteRD "67"]
[BlackElo "2440"]
[BlackRD "69"]
[GameID "424172"]

1. d4 Nf6 2. Nc3 d5 3. Nf3 c5 4. h3 cxd4 5. Nxd4 e5 6. Nb3 Bb4 7. a3 Bxc3+ 8. bxc3 Qc7 9. Bb2 Be6 10. Qd2 O-O
11. e3 Nbd7 12. Be2 Nb6 13. O-O Ne4 14. Qe1 Na4 15. Bd3 Nxb2 16. Bxe4 dxe4 17. Rb1 Na4 18. Na1 Bc4 19. Rb4 b5 20. Rb1 Bxf1
21. Kxf1 Nxc3 22. Rb4 Rad8 23. Nb3 Rd1 24. g4 Rxe1+ 25. Kxe1 Rd8 26. Kf1 Qe7 27. Kg2 Qh4 28. Nc5 Rd2 29. Nxe4 Nxe4 30. Rxe4 Qxf2+
31. Kh1 Rd1#
0-1

[Event "2018 Happy Times ahead"]
[Site "SchemingMind.com"]
[Date "2018.01.30"]
[Round "-"]
[White "William Lindberg"]
[Black "Phillip Beckett"]
[Result "1-0"]
[WhiteCountry "USA"]
[BlackCountry "ENG"]
[WhiteElo "2414"]
[WhiteRD "69"]
[BlackElo "1550"]
[BlackRD "52"]
[GameID "424173"]

1. c4 e6 2. Nc3 d5 3. d4 Nf6 4. Nf3 Be7 5. Bf4 c6 6. e3 O-O 7. Bd3 dxc4 8. Bxc4 Nbd7 9. Bd3 Nb6 10. e4 Bd7
11. O-O Rc8 12. Rc1 Re8 13. a3 Bf8 14. e5 Nfd5 15. Bxh7+ Kxh7 16. Ng5+ Kg6 17. Qc2+ Kh5 18. Qh7+ Kg4 19. h3+ Kxf4 20. g3+ Kxg5
21. Ne4#
1-0

[Event "2018 Happy Times ahead"]
[Site "SchemingMind.com"]
[Date "2018.02.01"]
[Round "-"]
[White "Transcendent"]
[Black "William Lindberg"]
[Result "0-1"]
[WhiteCountry "ENG"]
[BlackCountry "USA"]
[WhiteElo "1567"]
[WhiteRD "72"]
[BlackElo "2440"]
[BlackRD "69"]
[GameID "424174"]

1. d4 Nf6 2. c4 e6 3. g3 Be7 4. Bg2 O-O 5. Nc3 d5 6. Nf3 dxc4 7. O-O Nc6 8. e4 Rb8 9. Bg5 b5 10. e5 Nd5
11. Ne4 Bxg5 12. Nfxg5 h6 13. Nf3 Bb7 14. Rc1 Ncb4 15. a3 Nd3 16. Rc2 N5f4 17. Nc5 Nxc5 18. dxc5 Nxg2 19. Kxg2 Qxd1 20. Rxd1 f6
21. Rc3 fxe5 22. Rd2 Rxf3
0-1

[Event "2018 Happy Times ahead"]
[Site "SchemingMind.com"]
[Date "2018.01.31"]
[Round "-"]
[White "William Lindberg"]
[Black "kenneth m day"]
[Result "1-0"]
[WhiteCountry "USA"]
[BlackCountry "USA"]
[WhiteElo "2440"]
[WhiteRD "69"]
[BlackElo "1716"]
[BlackRD "59"]
[GameID "424175"]

1. e4 e5 2. Nf3 Nc6 3. Bc4 Bc5 4. O-O Nf6 5. d3 d6 6. c3 O-O 7. Bg5 h6 8. Bh4 Bg4 9. h3 Be6 10. Bxe6 fxe6
11. b4 Bb6 12. a4 a6 13. Nbd2 Ne7 14. Bg3 Ng6 15. Nc4 Ba7 16. b5 Nh5 17. Kh2 Qf6 18. bxa6 bxa6 19. Na5 Nxg3 20. fxg3 Qf7
21. Nc6 Bb6 22. a5
1-0

[Event "2018 Happy Times ahead"]
[Site "SchemingMind.com"]
[Date "2018.01.30"]
[Round "-"]
[White "William Lindberg"]
[Black "fanfan_la_Tulipe"]
[Result "1-0"]
[WhiteCountry "USA"]
[BlackCountry "AUT"]
[WhiteElo "2440"]
[WhiteRD "69"]
[BlackElo "2025"]
[BlackRD "90"]
[GameID "424176"]

1. e4 e5 2. Nf3 Nc6 3. Bc4 Nf6 4. d3 Be7 5. O-O O-O 6. Re1 d6 7. a3 Bg4 8. h3 Bh5 9. Nbd2 Nd4 10. g4 Nxf3+
11. Qxf3 Bg6 12. Qg3 h6 13. Nf3 Nd7 14. Be3 Re8 15. g5 hxg5 16. h4 Nf8 17. hxg5 Ne6 18. Kg2 Bh5 19. Rh1 Bxf3+ 20. Kxf3 Nxg5+
21. Ke2 Bf6 22. Bxg5 Bxg5 23. Rag1 Bf6 24. Qg6
1-0

[Event "2018 Happy Times ahead"]
[Site "SchemingMind.com"]
[Date "2018.01.31"]
[Round "-"]
[White "William Lindberg"]
[Black "Robert Bruce"]
[Result "1-0"]
[WhiteCountry "USA"]
[BlackCountry "SCO"]
[WhiteElo "2440"]
[WhiteRD "69"]
[BlackElo "2294"]
[BlackRD "73"]
[GameID "424177"]

1. d4 d5 2. c4 e6 3. Nc3 c5 4. cxd5 cxd4 5. Qa4+ Bd7 6. Qxd4 exd5 7. Qxd5 Nc6 8. Qb3 Bc5 9. Nf3 Nf6 10. e3 O-O
11. Be2 Qc7 12. Bd2 Rfd8 13. O-O Ne5 14. Rad1 a6 15. Nxe5 Qxe5 16. Bf3 Bg4 17. Ne2 Bxf3 18. gxf3 Nd5 19. f4 Qe6 20. Ng3 g6
21. f5 gxf5 22. Qc2 Rac8 23. Qxf5 Bf8 24. Qg5+ Qg6 25. e4 Nb6 26. Qh4 Na4 27. Kh1 Nxb2 28. Rc1 Nd3 29. Rxc8 Rxc8 30. Nf5 Ne5
31. f4 Qg4 32. fxe5 Qxh4 33. Rg1+ Kh8 34. Nxh4 h6 35. Nf5 Rc6 36. Bf4 Re6 37. Rd1 Bg7 38. Rd6 Re8 39. Nxh6 Bxh6 40. Rxh6+ Kg8
41. Rb6 Re6 42. Rxe6 fxe6 43. Kg2 Kf7 44. Kf3 Kg8 45. h4 Kf7 46. h5 b6 47. Kg4 Ke7 48. Kg5 Ke8 49. Kf6 Kd8 50. h6 Kc7
51. h7 Kc6 52. h8=Q Kc5 53. Be3+ Kb4 54. Qd8 Kc4 55. Qd4+ Kb5 56. Qxb6+ Ka4 57. Kxe6 a5 58. Qb3#
1-0

[Event "2018 Happy Times ahead"]
[Site "SchemingMind.com"]
[Date "2018.02.04"]
[Round "-"]
[White "TheHornedReaper "]
[Black "William Lindberg"]
[Result "0-1"]
[WhiteCountry "ROU"]
[BlackCountry "USA"]
[WhiteElo "1246"]
[WhiteRD "49"]
[BlackElo "2460"]
[BlackRD "67"]
[GameID "424178"]

1. e4 e5 2. Nf3 Nc6 3. Bb5 Nf6 4. d3 Bc5 5. O-O Nd4 6. Nxd4 Bxd4 7. c3 Bb6 8. Bg5 h6 9. Bh4 c6 10. Bc4 d6
11. Bb3 g5 12. Bg3 h5 13. h3 h4 14. Bh2 g4
0-1

[Event "2018 Happy Times ahead"]
[Site "SchemingMind.com"]
[Date "2018.02.01"]
[Round "-"]
[White "William Lindberg"]
[Black "Helga1946"]
[Result "1-0"]
[WhiteCountry "USA"]
[BlackCountry "GER"]
[WhiteElo "2440"]
[WhiteRD "69"]
[BlackElo "2278"]
[BlackRD "66"]
[GameID "424179"]

1. e4 e5 2. Nf3 Nc6 3. Bb5 a6 4. Ba4 Bc5 5. O-O Nf6 6. Bxc6 dxc6 7. d3 Bg4 8. h3 Bxf3 9. Qxf3 Qe7 10. a4 Nd7
11. Nd2 O-O-O 12. c3 Qe6 13. Nc4 h5 14. b4 Be7 15. b5 cxb5 16. axb5 axb5 17. Ne3 c6 18. d4 Nb6 19. d5 Qf6 20. Qe2 Bc5
21. Ba3 Bxe3 22. fxe3 Qg6 23. Be7 Rd7 24. Bc5 Na4 25. c4 Qxe4 26. dxc6 Qxc6 27. cxb5 Qxc5 28. Rxa4 Kb8 29. Qa2 Rh6 30. Qa1 Qxe3+
31. Kh1 Kc7 32. Ra8 Kd6 33. Re1
1-0

[Event "2018 Happy Times ahead"]
[Site "SchemingMind.com"]
[Date "2018.01.30"]
[Round "-"]
[White "Johnny Owens"]
[Black "William Lindberg"]
[Result "1/2-1/2"]
[WhiteCountry "USA"]
[BlackCountry "USA"]
[WhiteElo "2016"]
[WhiteRD "74"]
[BlackElo "2472"]
[BlackRD "64"]
[GameID "424180"]

1. Nf3 Nf6 2. b3 d5 3. Bb2 Bf5 4. g3 c5 5. Bg2 Nc6 6. O-O e6 7. d3 Bg6 8. Ne5 Nxe5 9. Bxe5 Be7 10. Nd2 O-O
11. Rc1 Nd7 12. Ba1 Bf6 13. e4 Bxa1 14. Rxa1 Nf6 15. Re1 Qc7 16. exd5 exd5 17. Nf3 Rae8 18. h3 h6 19. Qd2 b6 20. Rxe8 Rxe8
21. Re1 Rxe1+ 22. Qxe1 Bf5 23. Qe5 Qc8 24. g4 Be6 25. Qd6 Qa6 26. g5 Nd7 27. gxh6 gxh6 28. Qg3+ Kf8 29. Qf4 Kg7 30. Ne5 Nf6
31. a4 Qa5 32. Qg3+ Kh7 33. Qe3 Qc3 34. Kh2 Qxc2 35. Qf3= Kg7 36. Qg3+ Kh7 37. Qf3 Kg7 38. Qg3+ Kf8 39. Qf4 Ke7 40. Nc6+ Kd7
41. Nxa7 Ne8 42. Qb8 Nd6 43. Qxb6 Qxf2 44. Qc6+ Ke7 45. Qc7+ Bd7 46. Nc6+ Ke6 47. a5 Bxc6 48. Qxc6 Qf4+ 49. Kg1=
1/2-1/2